[Event "M.Chigorin Memorial 2017 "]
[Site "?????-?????????"]
[Date "2017.10.24"]
[Round "4"]
[Board "74"]
[White "Maltsevskaya, Aleksandra"]
[Black "Yakimenko, Viktoria"]
[Result "1-0"]
[WhiteElo "2260"]
[BlackElo "1922"]
[PlyCount "91"]
[EventDate "2017.10.21"]
[EventRounds "9"]
[EventCountry "RUS"]

1. c4 Nf6 2. Nc3 d5 3. g3 g6 4. Bg2 d4 5. Nb1 e5 6. d3 h6 7. Nf3 Nbd7 8. O-O
Bg7 9. b4 c6 10. Nbd2 a5 11. bxa5 Rxa5 12. Nb3 Ra6 13. a4 c5 14. Ne1 O-O 15. a5
Re8 16. e4 Nh7 17. f4 Nhf8 18. Nf3 Qe7 19. fxe5 Nxe5 20. Nxe5 Qxe5 21. Ra2 Nd7
22. Raf2 Rf6 23. Rxf6 Nxf6 24. Qf3 Bg4 25. Qf2 Qh5 26. Re1 Nd7 27. Bf4 Be5 28.
Bc1 Kg7 29. Nd2 Bc7 30. Nf3 Bxa5 31. Rf1 Rf8 32. Bf4 f6 33. Bd6 Rf7 34. Qa2 b6
35. Qa4 Bh3 36. Qc6 g5 37. Qd5 Bxg2 38. Kxg2 Qg6 39. e5 g4 40. Nh4 Qxd3 41.
Nf5+ Kg6 42. e6 Be1 43. Rxe1 Qd2+ 44. Kf1 Qxh2 45. exf7 Qh3+ 46. Qg2  1-0

[Event "M.Chigorin Memorial 2017 "]
[Site "?????-?????????"]
[Date "2017.10.24"]
[Round "4"]
[Board "75"]
[White "Predke, Alexandr"]
[Black "Vunder, Andrey"]
[Result "1-0"]
[WhiteElo "2601"]
[BlackElo "2161"]
[PlyCount "41"]
[EventDate "2017.10.21"]
[EventRounds "9"]
[EventCountry "RUS"]

1. d4 d5 2. c4 e6 3. Nf3 Nf6 4. Bg5 Be7 5. e3 O-O 6. Qc2 Nbd7 7. Nc3 h6 8. Bh4
c5 9. dxc5 Nxc5 10. Rd1 Qa5 11. Nd2 Rd8 12. a3 d4 13. exd4 Rxd4 14. b4 Qxa3 15.
Bxf6 Bxf6 16. bxc5 Bd7 17. Be2 Bc6 18. Nb5 Bxb5 19. cxb5 Rad8 20. O-O Qb4 21.
Nb3  1-0

[Event "M.Chigorin Memorial 2017 "]
[Site "?????-?????????"]
[Date "2017.10.24"]
[Round "4"]
[Board "76"]
[White "Savchenko, Boris"]
[Black "Ufimtsev, Egor"]
[Result "1-0"]
[WhiteElo "2585"]
[BlackElo "2143"]
[PlyCount "73"]
[EventDate "2017.10.21"]
[EventRounds "9"]
[EventCountry "RUS"]

1. e4 c5 2. Nf3 Nc6 3. Bb5 e6 4. O-O Nge7 5. d4 cxd4 6. Nxd4 Qb6 7. Nxc6 dxc6
8. Bc4 Ng6 9. a4 Be7 10. a5 Qc7 11. f4 O-O 12. b3 Bb4 13. Kh1 Bxa5 14. Bb2 b5
15. Bd3 Nxf4 16. Rxf4 Qxf4 17. Rxa5 e5 18. Nd2 Bg4 19. Qe1 Rfd8 20. h3 Bh5 21.
Ba3 Rd7 22. Ra6 Rc8 23. Bc5 Qg5 24. Bxa7 Qe7 25. Qf2 f6 26. Bc5 Qe8 27. Ra1 Bf7
28. Kh2 Ra8 29. Rf1 Ra2 30. Qe3 Qa8 31. Nf3 Ra1 32. Rf2 Be6 33. Nxe5 fxe5 34.
Rf8+ Qxf8 35. Bxf8 Kxf8 36. Qc5+ Kf7 37. Qxc6  1-0

[Event "M.Chigorin Memorial 2017 "]
[Site "?????-?????????"]
[Date "2017.10.24"]
[Round "4"]
[Board "77"]
[White "Mirzoev, Azer"]
[Black "Zakirov, Rafael"]
[Result "1-0"]
[WhiteElo "2555"]
[BlackElo "2120"]
[PlyCount "91"]
[EventDate "2017.10.21"]
[EventRounds "9"]
[EventCountry "RUS"]

1. d4 Nf6 2. Nf3 g6 3. g3 Bg7 4. Bg2 O-O 5. O-O d6 6. b3 c6 7. Bb2 Bg4 8. Nbd2
Qc8 9. Re1 Na6 10. e4 c5 11. d5 Nc7 12. a4 b6 13. Nc4 Rb8 14. Qd3 Qa6 15. h3
Bxf3 16. Qxf3 Rbd8 17. Rad1 Nd7 18. Bxg7 Kxg7 19. Qc3+ Kg8 20. e5 b5 21. exd6
exd6 22. axb5 Nxb5 23. Qd3 Rfe8 24. Rxe8+ Rxe8 25. Nxd6 Qxd6 26. Qxb5 Re7 27.
Qc6 Qxc6 28. dxc6 Nb6 29. c4 Kf8 30. f4 Rc7 31. Re1 a5 32. Kf2 a4 33. bxa4 Nxa4
34. Bd5 Nb2 35. Ke2 Re7+ 36. Kd2 Rxe1 37. Kxe1 Ke7 38. Bxf7 Kd6 39. Bd5 Na4 40.
Kd2 Nb6 41. Kd3 Nc8 42. g4 Ne7 43. Ke4 Nc8 44. f5 Ne7 45. f6 Nc8 46. g5  1-0

[Event "M.Chigorin Memorial 2017 "]
[Site "?????-?????????"]
[Date "2017.10.24"]
[Round "4"]
[Board "78"]
[White "Nechaeva, Marina"]
[Black "Manush, Shah"]
[Result "1-0"]
[WhiteElo "2431"]
[BlackElo "2109"]
[PlyCount "73"]
[EventDate "2017.10.21"]
[EventRounds "9"]
[EventCountry "RUS"]

1. d4 d5 2. c4 c6 3. Nc3 Nf6 4. e3 e6 5. Nf3 Nbd7 6. Qc2 b6 7. cxd5 exd5 8. Bd3
Bb7 9. O-O Be7 10. Bd2 Rc8 11. Ne5 Nxe5 12. dxe5 Nd7 13. f4 Nc5 14. Bf5 Rc7 15.
b4 Ne6 16. Ne2 c5 17. bxc5 Bxc5 18. Qd3 Qe7 19. Bc3 h5 20. Bxe6 fxe6 21. Bd4
Bc8 22. f5 exf5 23. Nf4 Qf7 24. e6 Bxe6 25. Nxe6 Qxe6 26. Rxf5 Bxd4 27. exd4
Kd8 28. Re5 Qc6 29. Qf5 Rd7 30. Re6 Qa4 31. Rc1 Qxd4+ 32. Kh1 Qd2 33. Rec6 Qe3
34. R6c3 Qh6 35. Rc8+ Ke7 36. Re1+ Kd6 37. Qe5#  1-0

[Event "M.Chigorin Memorial 2017 "]
[Site "?????-?????????"]
[Date "2017.10.24"]
[Round "4"]
[Board "79"]
[White "Derli, Olga"]
[Black "Ekdyshman, Mikhail"]
[Result "1/2-1/2"]
[WhiteElo "2162"]
[BlackElo "2366"]
[PlyCount "103"]
[EventDate "2017.10.21"]
[EventRounds "9"]
[EventCountry "RUS"]

1. e4 c5 2. Nf3 g6 3. Bc4 Bg7 4. c3 Qc7 5. O-O a6 6. a4 Nc6 7. Na3 Nf6 8. Qe2
d6 9. h3 e5 10. Rb1 O-O 11. b4 h6 12. d3 Ne7 13. bxc5 dxc5 14. Be3 g5 15. Qb2
Nd7 16. d4 Qc6 17. Qc2 exd4 18. cxd4 cxd4 19. Bxd4 Bxd4 20. Nxd4 Qd6 21. Qb2
Nc5 22. a5 Nxe4 23. Rfe1 Nc5 24. Rbd1 Qf6 25. Qb4 Ne6 26. Qb6 Nc6 27. Nxc6 bxc6
28. Qxc6 Ra7 29. Bd3 Rc7 30. Qb6 Rb7 31. Qe3 Nf4 32. Be4 Rb2 33. Nc4 Rb4 34.
Nb6 Kg7 35. Qc5 Rb5 36. Qc7 Bxh3 37. Rd6 Qb2 38. Na4 Qb4 39. Qc3+ Qxc3 40. Nxc3
Rc5 41. Nd5 Bc8 42. Nxf4 gxf4 43. Rd5 Rxd5 44. Bxd5 Rd8 45. Bf3 Rd4 46. Re5 Ra4
47. Be2 Kf6 48. Rc5 Bb7 49. Rc7 Bd5 50. Rc5 Bb7 51. Rc7 Bd5 52. Rc5  1/2-1/2

[Event "M.Chigorin Memorial 2017 "]
[Site "?????-?????????"]
[Date "2017.10.24"]
[Round "4"]
[Board "80"]
[White "Fenil, Shah"]
[Black "Khalaji, Hanieh"]
[Result "1-0"]
[WhiteElo "2350"]
[BlackElo "2093"]
[PlyCount "61"]
[EventDate "2017.10.21"]
[EventRounds "9"]
[EventCountry "RUS"]

1. d4 d5 2. Nc3 Nf6 3. Bf4 c6 4. e3 g6 5. Nf3 Bg7 6. Be2 Nbd7 7. h3 O-O 8. O-O
Ne8 9. e4 dxe4 10. Nxe4 Nef6 11. Nxf6+ Nxf6 12. Bc4 Bf5 13. Qe2 Nd5 14. Bh2 Bh6
15. Rfe1 Re8 16. Ne5 Qb6 17. c3 Rad8 18. Bb3 c5 19. Qf3 Be6 20. Rad1 Bg7 21. c4
Nf6 22. dxc5 Qxc5 23. Qxb7 Nh5 24. Qf3 Rd4 25. Qc6 Qxc6 26. Nxc6 Rh4 27. Re2 g5
28. c5 Bxb3 29. axb3 Nf4 30. Rxe7 Rxe7 31. Rd8+  1-0

[Event "M.Chigorin Memorial 2017 "]
[Site "?????-?????????"]
[Date "2017.10.24"]
[Round "4"]
[Board "81"]
[White "Lagashin, Pavel"]
[Black "Aliyev, Ravan"]
[Result "1/2-1/2"]
[WhiteElo "2138"]
[BlackElo "2341"]
[PlyCount "139"]
[EventDate "2017.10.21"]
[EventRounds "9"]
[EventCountry "RUS"]

1. d4 d5 2. c4 c6 3. cxd5 cxd5 4. Bf4 Nc6 5. e3 Nf6 6. Nc3 a6 7. Be2 Bf5 8. g4
Bd7 9. g5 Ne4 10. Bf3 Nxc3 11. bxc3 e6 12. Ne2 Rc8 13. e4 Ne7 14. h4 dxe4 15.
Bxe4 Bc6 16. Bxc6+ Nxc6 17. Rb1 Qd5 18. Rh3 b5 19. a4 b4 20. Qd3 Be7 21. c4 Qa5
22. d5 Rd8 23. Nd4 Nxd4 24. Qxd4 O-O 25. d6 Qf5 26. Rbb3 e5 27. Bxe5 Bxd6 28.
Bxd6 Qe6+ 29. Rhe3 Rxd6 30. Rxe6 Rxd4 31. Rxa6 Rxc4 32. Rb6 Re8+ 33. Kf1 Rxh4
34. R3xb4 Rxb4 35. Rxb4 Ra8 36. a5 f6 37. Rb5 fxg5 38. Rxg5 Kf7 39. Ke2 h6 40.
Rc5 Ke6 41. Kd3 Kd6 42. Kc4 Rf8 43. Kb5 Rb8+ 44. Kc4 Rf8 45. Kb5 Rxf2 46. Rc6+
Kd7 47. Rg6 Rf7 48. Kb6 Kc8 49. a6 Kb8 50. Kc5 Rd7 51. Kc6 Rf7 52. Kd5 Ka7 53.
Ke6 Rc7 54. Kd6 Kb8 55. Re6 Rf7 56. Ke5 Kc8 57. Re8+ Kd7 58. a7 Kxe8 59. a8=Q+
Ke7 60. Qb7+ Ke8 61. Qc8+ Ke7 62. Qg8 h5 63. Qh7 h4 64. Qxh4+ Rf6 65. Qc4 Kf8
66. Qc8+ Kf7 67. Qd8 Re6+ 68. Kf5 Rf6+ 69. Ke5 Re6+ 70. Kf5  1/2-1/2

[Event "M.Chigorin Memorial 2017 "]
[Site "?????-?????????"]
[Date "2017.10.24"]
[Round "4"]
[Board "82"]
[White "Karasev, Vladimir I"]
[Black "Gurjevskoy, Denis"]
[Result "1-0"]
[WhiteElo "2339"]
[BlackElo "2089"]
[PlyCount "65"]
[EventDate "2017.10.21"]
[EventRounds "9"]
[EventCountry "RUS"]

1. d4 d5 2. c4 Nc6 3. cxd5 Qxd5 4. e3 e5 5. Nc3 Bb4 6. a3 Bxc3+ 7. bxc3 Nf6 8.
c4 Qd6 9. d5 Ne7 10. Bb2 c6 11. Nf3 Bg4 12. Bxe5 Bxf3 13. Bxd6 Bxd1 14. Rxd1
cxd5 15. cxd5 Rd8 16. Bb5+ Kf8 17. Bc5 a6 18. d6 Ned5 19. Bc4 Nc3 20. Rd4 Rd7
21. Bb4 Na4 22. Bb3 Nb6 23. Ke2 g5 24. h4 Rg8 25. g3 Nc8 26. Bc2 gxh4 27. Bf5
hxg3 28. Bxd7 g2 29. Rc1 Nxd7 30. Rxc8+ Kg7 31. Rg4+ Kh6 32. Rcxg8 g1=Q 33.
Rh4#  1-0

[Event "M.Chigorin Memorial 2017 "]
[Site "?????-?????????"]
[Date "2017.10.24"]
[Round "4"]
[Board "83"]
[White "Biriukov, Oleg V."]
[Black "Myshkovskiy, Sviatoslav"]
[Result "0-1"]
[WhiteElo "2336"]
[BlackElo "2062"]
[PlyCount "72"]
[EventDate "2017.10.21"]
[EventRounds "9"]
[EventCountry "RUS"]

1. d4 d5 2. c4 c6 3. Nc3 Nf6 4. e3 e6 5. Nf3 Bd6 6. Bd3 Nbd7 7. e4 dxe4 8. Nxe4
Nxe4 9. Bxe4 Nf6 10. Bc2 Qa5+ 11. Bd2 Bb4 12. a3 Bxd2+ 13. Qxd2 Qxd2+ 14. Kxd2
O-O 15. Ne5 Rd8 16. Ke3 Bd7 17. g4 Be8 18. g5 Nd7 19. Nd3 f6 20. gxf6 gxf6 21.
Rhg1+ Kh8 22. Nf4 Bf7 23. b3 e5 24. dxe5 Nxe5 25. Rg3 Rg8 26. Rag1 Rae8 27. Kd2
Nf3+ 28. Rxf3 Rxg1 29. Nh3 Rg2 30. Rxf6 Bg8 31. Rf4 Rxh2 32. Ng5 h6 33. Ne4 Bh7
34. Nf6 Rd8+ 35. Kc3 Bxc2 36. Kxc2 Rf8  0-1

[Event "M.Chigorin Memorial 2017 "]
[Site "?????-?????????"]
[Date "2017.10.24"]
[Round "4"]
[Board "84"]
[White "Bykov, Oleg"]
[Black "Makoveev, Ilya"]
[Result "1/2-1/2"]
[WhiteElo "2333"]
[BlackElo "2041"]
[PlyCount "82"]
[EventDate "2017.10.21"]
[EventRounds "9"]
[EventCountry "RUS"]

1. d4 Nf6 2. c4 g6 3. f3 Nc6 4. d5 Ne5 5. e4 d6 6. Nc3 Bg7 7. f4 Ned7 8. Nf3
O-O 9. Bd3 e6 10. O-O exd5 11. cxd5 c6 12. Bc2 cxd5 13. Nxd5 Nxd5 14. Qxd5 Nf6
15. Qb3 Qe7 16. Re1 Be6 17. Qb4 Rfc8 18. Bd3 a5 19. Qa3 Qd8 20. h3 b5 21. Ng5
Bc4 22. Bxc4 Rxc4 23. Qd3 h6 24. Nf3 Rac8 25. Bd2 Qb6+ 26. Kh2 Qb7 27. e5 dxe5
28. fxe5 Qd5 29. Re3 Qxd3 30. Rxd3 Ne4 31. Bxa5 Ng5 32. Re1 Nxf3+ 33. Rxf3 Ra4
34. b4 Rxa2 35. e6 fxe6 36. Rxe6 g5 37. Bb6 Rcc2 38. Rg3 Re2 39. Rxe2 Rxe2 40.
Bc7 Be5 41. Bxe5 Rxe5  1/2-1/2

[Event "M.Chigorin Memorial 2017 "]
[Site "?????-?????????"]
[Date "2017.10.24"]
[Round "4"]
[Board "85"]
[White "Yeritsyan, Hayk"]
[Black "Askerov, Marat"]
[Result "1/2-1/2"]
[WhiteElo "2105"]
[BlackElo "2332"]
[PlyCount "80"]
[EventDate "2017.10.21"]
[EventRounds "9"]
[EventCountry "RUS"]

1. d4 Nf6 2. c4 e6 3. g3 Bb4+ 4. Bd2 Qe7 5. Nf3 Nc6 6. Bg2 Bxd2+ 7. Nbxd2 a5 8.
O-O d6 9. e4 e5 10. d5 Nb8 11. Qc2 Nbd7 12. a3 a4 13. b4 axb3 14. Nxb3 O-O 15.
a4 Nc5 16. Nxc5 dxc5 17. a5 Ne8 18. Qc3 f6 19. Ne1 b6 20. Nd3 Nd6 21. axb6 Rxa1
22. Rxa1 cxb6 23. Rb1 Qd8 24. Qb3 b5 25. Nxc5 bxc4 26. Qb8 Qe7 27. Rb6 Rd8 28.
Rc6 Bb7 29. Qc7 Qxc7 30. Rxc7 Rc8 31. Rxc8+ Bxc8 32. Kf1 Kf7 33. Ke2 Ke7 34.
Kd2 f5 35. Kc3 fxe4 36. Nxe4 Nxe4+ 37. Bxe4 h6 38. Kxc4 Kd6 39. Kd3 Bb7 40. Ke3
Bxd5  1/2-1/2

[Event "M.Chigorin Memorial 2017 "]
[Site "?????-?????????"]
[Date "2017.10.24"]
[Round "4"]
[Board "86"]
[White "Vaishali, R"]
[Black "Yudkevich, Mikhail"]
[Result "1-0"]
[WhiteElo "2330"]
[BlackElo "2005"]
[PlyCount "69"]
[EventDate "2017.10.21"]
[EventRounds "9"]
[EventCountry "RUS"]

1. e4 g6 2. d4 Bg7 3. Nc3 d6 4. Be3 a6 5. Qd2 Nd7 6. O-O-O b5 7. h4 h6 8. h5 g5
9. f4 gxf4 10. Bxf4 Bb7 11. Qe1 Nf8 12. e5 Ne6 13. Bg3 Ng5 14. Nh3 e6 15. Bh4
Qe7 16. Qg3 O-O-O 17. Bd3 dxe5 18. dxe5 Qc5 19. Rhe1 Ne7 20. Nxg5 hxg5 21. Bxg5
Rxh5 22. Be4 Rxd1+ 23. Rxd1 Nc6 24. Bf4 Bf8 25. Bf3 Rh8 26. Ne4 Qc4 27. b3 Qb4
28. Kb1 Ne7 29. a3 Qxa3 30. Nd6+ cxd6 31. exd6 Bd5 32. dxe7 Bxe7 33. Bxd5 exd5
34. Qc3+ Qc5 35. Qxh8+  1-0

[Event "M.Chigorin Memorial 2017 "]
[Site "?????-?????????"]
[Date "2017.10.24"]
[Round "4"]
[Board "87"]
[White "Pshmahov, Osman"]
[Black "Davtyan, Artur"]
[Result "0-1"]
[WhiteElo "2095"]
[BlackElo "2318"]
[PlyCount "66"]
[EventDate "2017.10.21"]
[EventRounds "9"]
[EventCountry "RUS"]

1. d4 d5 2. c4 e6 3. Nc3 Be7 4. e3 Nf6 5. cxd5 exd5 6. Bd3 O-O 7. Nge2 Re8 8.
O-O Nbd7 9. f3 c5 10. Bc2 Nf8 11. dxc5 Bxc5 12. Nd4 a6 13. Nce2 Ng6 14. Rb1 Bd7
15. b4 Ba7 16. Bb3 Rc8 17. Re1 Qe7 18. Rb2 Ne5 19. Ng3 Nc4 20. Bxc4 Rxc4 21.
Rbe2 Qxb4 22. Ndf5 Ba4 23. Qd3 Bc2 24. Qd2 Qxd2 25. Rxd2 Bc5 26. a3 g6 27. Nh6+
Kg7 28. Bb2 Kxh6 29. Bxf6 Re6 30. Bb2 Rxe3 31. Kf1 Bd3+ 32. Rxd3 Rxd3 33. Re5
Rc2  0-1

[Event "M.Chigorin Memorial 2017 "]
[Site "?????-?????????"]
[Date "2017.10.24"]
[Round "4"]
[Board "88"]
[White "Petrochenko, Maria"]
[Black "Xu, Minghui"]
[Result "0-1"]
[WhiteElo "2093"]
[BlackElo "2318"]
[PlyCount "92"]
[EventDate "2017.10.21"]
[EventRounds "9"]
[EventCountry "RUS"]

1. d4 d5 2. c4 e6 3. Nf3 c6 4. Qc2 dxc4 5. Qxc4 Nf6 6. g3 b5 7. Qd3 Bb7 8. Bg2
Nbd7 9. O-O Be7 10. Nc3 O-O 11. Rd1 Qb6 12. e4 b4 13. Ne2 h6 14. Nd2 Rfd8 15.
Nc4 Qa6 16. e5 Nd5 17. Be3 c5 18. a3 Nxe3 19. Bxb7 Qxb7 20. fxe3 cxd4 21. exd4
bxa3 22. bxa3 Rac8 23. Rdc1 Qa6 24. Qb3 Nb8 25. Rc2 Nc6 26. Rd1 Rc7 27. Kg2
Rdc8 28. Rdd2 Nb4 29. axb4 Rxc4 30. Rxc4 Rxc4 31. b5 Qb7+ 32. Qf3 Qxb5 33. Qa8+
Bf8 34. Qxa7 Qc6+ 35. d5 exd5 36. Nd4 Qg6 37. Qb7 Qe4+ 38. Nf3 Rc2 39. Rxc2
Qxc2+ 40. Kh3 Qe4 41. Qb3 g5 42. g4 h5 43. Kg3 Qf4+ 44. Kg2 hxg4 45. Ne1 Qe4+
46. Kf2 Bc5+  0-1

[Event "M.Chigorin Memorial 2017 "]
[Site "?????-?????????"]
[Date "2017.10.24"]
[Round "4"]
[Board "89"]
[White "Borisovsky, Dmitry"]
[Black "Misyura, Ilya"]
[Result "1-0"]
[WhiteElo "2304"]
[BlackElo "1974"]
[PlyCount "85"]
[EventDate "2017.10.21"]
[EventRounds "9"]
[EventCountry "RUS"]

1. e4 e6 2. d4 d5 3. Nc3 Bb4 4. e5 c5 5. a3 Ba5 6. b4 cxd4 7. Qg4 Kf8 8. Nb5
Bc7 9. Qxd4 Nc6 10. Qc5+ Nge7 11. Nxc7 Qxc7 12. Nf3 Qb6 13. Qxb6 axb6 14. Bb2
Bd7 15. b5 Na5 16. Nd2 Rc8 17. Bd4 Rxc2 18. Bxb6 Rxd2 19. Bxa5 Rc2 20. Bd3 Rc8
21. Kd2 f6 22. exf6 gxf6 23. f4 Kf7 24. a4 Nf5 25. Bb6 Nd6 26. Rhc1 Rxc1 27.
Rxc1 Rc8 28. Rxc8 Bxc8 29. a5 Bd7 30. a6 bxa6 31. bxa6 Nc4+ 32. Bxc4 dxc4 33.
Kc3 Bc6 34. g4 f5 35. g5 Bd5 36. a7 e5 37. fxe5 Ke6 38. Bd4 f4 39. h4 Kf5 40.
h5 f3 41. g6 f2 42. Bxf2 hxg6 43. h6  1-0

[Event "M.Chigorin Memorial 2017 "]
[Site "?????-?????????"]
[Date "2017.10.24"]
[Round "4"]
[Board "90"]
[White "Leidorf, Sebastian"]
[Black "Nazaretyan, Tigran"]
[Result "0-1"]
[WhiteElo "2083"]
[BlackElo "2303"]
[PlyCount "78"]
[EventDate "2017.10.21"]
[EventRounds "9"]
[EventCountry "RUS"]

1. c4 e5 2. g3 Nf6 3. Bg2 Nc6 4. Nc3 Bc5 5. a3 d6 6. e3 a6 7. Nge2 Ba7 8. d4
Bd7 9. b4 O-O 10. O-O h6 11. d5 Ne7 12. e4 Qc8 13. Qd3 Ng4 14. Nd1 f5 15. Ne3
fxe4 16. Bxe4 Nf6 17. Bg2 Nf5 18. Nxf5 Bxf5 19. Qb3 Ng4 20. Be3 Nxe3 21. fxe3
Bg4 22. Qd3 Qd7 23. Nc3 b5 24. cxb5 axb5 25. Nxb5 Bxe3+ 26. Qxe3 Qxb5 27. Qe4
Be2 28. Rxf8+ Rxf8 29. a4 Qb6+ 30. Kh1 Qf2 31. a5 Rf3 32. a6 Ra3 33. Qb1 Rxa6
34. Rxa6 Bxa6 35. b5 Bc8 36. Qf1 Qxf1+ 37. Bxf1 Kf7 38. Kg2 Bb7 39. Bc4 e4  0-1

[Event "M.Chigorin Memorial 2017 "]
[Site "?????-?????????"]
[Date "2017.10.24"]
[Round "4"]
[Board "91"]
[White "Huseynov, Murad"]
[Black "Martynyuk, Elizaveta"]
[Result "0-1"]
[WhiteElo "2076"]
[BlackElo "2302"]
[PlyCount "108"]
[EventDate "2017.10.21"]
[EventRounds "9"]
[EventCountry "RUS"]

1. d4 d5 2. Nf3 Nf6 3. Bg5 g6 4. e3 Bg7 5. Nbd2 O-O 6. Ne5 Bf5 7. g4 Be6 8. h4
Nbd7 9. Bf4 Nxe5 10. Bxe5 Bxg4 11. Be2 Bxe2 12. Qxe2 h5 13. O-O-O c5 14. c3
cxd4 15. exd4 Qd7 16. Kb1 b5 17. Nb3 a5 18. Ka1 b4 19. c4 dxc4 20. Qxc4 Qd5 21.
Qe2 e6 22. Nc5 Ng4 23. Bxg7 Kxg7 24. f3 Nf6 25. Rhg1 Rac8 26. Rg5 Qd6 27. Qd3
Rg8 28. Rdg1 Kf8 29. Ne4 Qf4 30. Nxf6 Qxf6 31. Rxa5 Qxh4 32. Rc5 Kg7 33. Rgc1
Rcd8 34. R5c4 Qg5 35. Kb1 Qb5 36. Qe4 Rd5 37. Rc5 Qd7 38. Rc7 Qe8 39. R1c6 Rd7
40. Qe5+ Kh7 41. Rxd7 Qxd7 42. Rc7 Qe8 43. Qf6 Rg7 44. f4 Qb5 45. Rc5 Qf1+ 46.
Kc2 Qe2+ 47. Kb3 Rg8 48. Qxf7+ Rg7 49. Qf8 Qd3+ 50. Ka4 Ra7+ 51. Ra5 Rxa5+ 52.
Kxa5 Qf5+ 53. Qc5 h4 54. Kxb4 Qxf4  0-1

[Event "M.Chigorin Memorial 2017 "]
[Site "?????-?????????"]
[Date "2017.10.24"]
[Round "4"]
[Board "92"]
[White "Zabolotnov, Evgeny"]
[Black "Zhai, Mo"]
[Result "1/2-1/2"]
[WhiteElo "2049"]
[BlackElo "2300"]
[PlyCount "73"]
[EventDate "2017.10.21"]
[EventRounds "9"]
[EventCountry "RUS"]

1. d4 e6 2. c4 d5 3. Nc3 Bb4 4. Nf3 Nf6 5. Bg5 h6 6. Bxf6 Qxf6 7. Qa4+ Nc6 8.
e3 O-O 9. Be2 Bd7 10. Qc2 dxc4 11. O-O Bd6 12. Bxc4 a6 13. Rac1 Qe7 14. Ne4
Rfe8 15. Rfd1 e5 16. Nxd6 cxd6 17. dxe5 dxe5 18. Qb3 Bg4 19. h3 Bh5 20. g4 Bg6
21. Bd5 h5 22. e4 Nb4 23. Qe3 hxg4 24. hxg4 Nxd5 25. Rxd5 Qb4 26. Nxe5 Qxe4 27.
Nxg6 Qxg6 28. Qg5 Qxg5 29. Rxg5 Re2 30. b3 Rxa2 31. Rc7 b5 32. Rf5 Rf8 33. Ra7
Rb2 34. Rf3 Ra2 35. Rf5 Rb2 36. Rf3 Ra2 37. Rf5  1/2-1/2

[Event "M.Chigorin Memorial 2017 "]
[Site "?????-?????????"]
[Date "2017.10.24"]
[Round "4"]
[Board "93"]
[White "Gorbatenko, Alexander"]
[Black "Vasilyev, Vasily"]
[Result "0-1"]
[WhiteElo "2042"]
[BlackElo "2291"]
[PlyCount "96"]
[EventDate "2017.10.21"]
[EventRounds "9"]
[EventCountry "RUS"]

1. e4 c5 2. Nf3 d6 3. d4 cxd4 4. Qxd4 Nc6 5. Bb5 Qa5+ 6. Nc3 Qxb5 7. Nxb5 Nxd4
8. Nfxd4 Kd8 9. c4 Nf6 10. f3 Bd7 11. Be3 e5 12. Ne2 d5 13. exd5 Nxd5 14. cxd5
Bxb5 15. Nc3 Ba6 16. Kf2 f5 17. f4 Bd6 18. fxe5 Bxe5 19. Rad1 Re8 20. Bd4 Kd7
21. h4 Rac8 22. Bxe5 Rxe5 23. Rd4 Rc4 24. Rhd1 Kd6 25. Kf3 Rxc3+ 26. bxc3 Be2+
27. Kf4 Bxd1 28. Rxd1 g6 29. Kg5 Re2 30. g3 Re3 31. c4 Rxg3+ 32. Kf6 Rc3 33.
Rd4 b6 34. Kg7 Rh3 35. a4 a5 36. Kh6 Rg3 37. Rd1 Rg4 38. Kxh7 Rxh4+ 39. Kxg6
Rxc4 40. Kxf5 Rxa4 41. Rb1 Rb4 42. Rxb4 axb4 43. Ke4 b3 44. Kd3 Kxd5 45. Kc3 b2
46. Kxb2 Kc4 47. Kc2 Kb4 48. Kb2 b5  0-1

[Event "M.Chigorin Memorial 2017 "]
[Site "?????-?????????"]
[Date "2017.10.24"]
[Round "4"]
[Board "94"]
[White "Evdokimov, Alexey"]
[Black "Efremov, Vladislav"]
[Result "1-0"]
[WhiteElo "2280"]
[BlackElo "1953"]
[PlyCount "137"]
[EventDate "2017.10.21"]
[EventRounds "9"]
[EventCountry "RUS"]

1. c4 e6 2. Nf3 d5 3. g3 c6 4. b3 Nf6 5. Bg2 Nbd7 6. Bb2 Bd6 7. O-O O-O 8. d3
e5 9. cxd5 cxd5 10. Nc3 a6 11. Nd2 Nb6 12. e4 Bg4 13. Nf3 dxe4 14. dxe4 Qe7 15.
h3 Bd7 16. Qe2 Bc6 17. Rfd1 Rfd8 18. Rac1 Rac8 19. Kh2 Bc7 20. Nd2 Rd7 21. Nf1
Rcd8 22. Ne3 Rxd1 23. Rxd1 Rxd1 24. Qxd1 Qc5 25. Ncd5 Bxd5 26. exd5 Bd6 27. Qd2
h6 28. Qd3 Kh8 29. Qc3 Nbd7 30. Qxc5 Bxc5 31. Kg1 b5 32. Kf1 g6 33. Ke2 Bd6 34.
h4 h5 35. Bh3 Kg8 36. Bg2 Kf8 37. Bc3 Ke7 38. Nc2 Nb6 39. Ne3 Nbd7 40. Ba5 Nc5
41. Nc2 Nb7 42. Bd2 Kd7 43. Bc3 a5 44. Ne1 b4 45. Bb2 Nc5 46. Nd3 Nxd3 47. Kxd3
Ne8 48. Kc4 Nc7 49. Bc1 Kc8 50. Be3 Kb7 51. Bc5 Ne8 52. Be3 Ka6 53. Bf1 Bc7 54.
Bg5 Nd6+ 55. Kc5+ Kb7 56. Bg2 Kc8 57. Kc6 Nf5 58. Bh3 Bd8 59. Bxf5+ gxf5 60.
Be3 f4 61. Ba7 fxg3 62. fxg3 a4 63. bxa4 Ba5 64. d6 f6 65. Be3 e4 66. Bd2 f5
67. d7+ Kb8 68. Bf4+ Ka7 69. Bc7  1-0

[Event "M.Chigorin Memorial 2017 "]
[Site "?????-?????????"]
[Date "2017.10.24"]
[Round "4"]
[Board "95"]
[White "Klepikov, Nikita"]
[Black "Eynullayev, Atilla"]
[Result "0-1"]
[WhiteElo "2272"]
[BlackElo "1919"]
[PlyCount "88"]
[EventDate "2017.10.21"]
[EventRounds "9"]
[EventCountry "RUS"]

1. e4 c5 2. Nf3 d6 3. d4 cxd4 4. Nxd4 Nf6 5. Nc3 a6 6. Bc4 e6 7. Bb3 b5 8. Bg5
Be7 9. Qf3 Qc7 10. O-O-O Nbd7 11. Rhe1 O-O 12. Qg3 Nc5 13. f3 Bd7 14. Nce2
Nfxe4 15. fxe4 Nxe4 16. Qg4 Bxg5+ 17. Kb1 d5 18. Ng3 Nxg3 19. hxg3 h6 20. Nf3
Bf6 21. Rh1 e5 22. Qh5 e4 23. Nd4 Bxd4 24. Rxd4 Qxg3 25. Bxd5 Bg4 26. Qg6 Qxg2
27. Re1 Qf2 28. Qxe4 Rae8 29. Qxe8 Rxe8 30. Rxe8+ Kh7 31. c3 h5 32. a4 bxa4 33.
Re7 Bf5+ 34. Ka2 Qf1 35. Be4 Bxe4 36. Rexe4 g5 37. c4 h4 38. c5 h3 39. Rd2 Qf5
40. Rc4 Qe6 41. Rdc2 Kg7 42. Ka3 h2 43. c6 h1=Q 44. c7 Qa1+  0-1

[Event "M.Chigorin Memorial 2017 "]
[Site "?????-?????????"]
[Date "2017.10.24"]
[Round "4"]
[Board "96"]
[White "Kiseleva, Arina"]
[Black "Murzin, Volodar"]
[Result "0-1"]
[WhiteElo "2038"]
[BlackElo "2270"]
[PlyCount "106"]
[EventDate "2017.10.21"]
[EventRounds "9"]
[EventCountry "RUS"]

1. e4 c5 2. Nf3 d6 3. Bb5+ Bd7 4. Bxd7+ Qxd7 5. O-O Nf6 6. Re1 Nc6 7. c3 g6 8.
d4 cxd4 9. cxd4 Bg7 10. Nc3 O-O 11. h3 Rad8 12. Be3 d5 13. e5 Ne4 14. Qd3 Nb4
15. Qb1 Nxc3 16. bxc3 Nc6 17. Nd2 b6 18. a4 Na5 19. Nb3 Nc4 20. Bc1 f6 21. e6
Qc6 22. Qd3 Rc8 23. f3 Rfd8 24. Qe2 Qd6 25. Nd2 Qc6 26. Nb3 Bf8 27. g4 Qd6 28.
Kg2 Bg7 29. h4 Rf8 30. Qd3 f5 31. g5 f4 32. Kf2 Ne3 33. Bxe3 fxe3+ 34. Kg2 Rf4
35. Qxe3 Rcf8 36. Nd2 Rxh4 37. Rh1 Rhf4 38. Rh3 R8f5 39. Rg3 Rh4 40. a5 b5 41.
a6 b4 42. Nb3 bxc3 43. Qxc3 Qxe6 44. Re1 Qxa6 45. Rxe7 Qa2+ 46. Nd2 Bxd4 47.
Qb4 Bc5 48. Qxc5 Qxd2+ 49. Kg1 Qd1+ 50. Kg2 Qh1+ 51. Kf2 Rh2+ 52. Ke3 Qe1+ 53.
Kd3 Qd2#  0-1

[Event "M.Chigorin Memorial 2017 "]
[Site "?????-?????????"]
[Date "2017.10.24"]
[Round "4"]
[Board "97"]
[White "Grinblat, Artemiy"]
[Black "Ponomarev, Denis"]
[Result "1-0"]
[WhiteElo "2268"]
[BlackElo "1811"]
[PlyCount "65"]
[EventDate "2017.10.21"]
[EventRounds "9"]
[EventCountry "RUS"]

1. e4 c5 2. c3 d5 3. exd5 Qxd5 4. d4 Nf6 5. Nf3 e6 6. Na3 Qd8 7. Nc2 Nc6 8. Bd3
Be7 9. O-O O-O 10. Ne5 Qc7 11. Qe2 Rd8 12. Bf4 Bd6 13. Rad1 b6 14. Na3 a6 15.
Nac4 Nd5 16. Bg3 Nxe5 17. Bxe5 Bxe5 18. dxe5 Bb7 19. Qg4 b5 20. Nd6 Bc6 21. h4
Qe7 22. Ne4 Ra7 23. h5 h6 24. c4 Nb4 25. Bb1 bxc4 26. Rxd8+ Qxd8 27. Rd1 Nd3
28. Nxc5 Qb6 29. Nxd3 cxd3 30. Rxd3 Rd7 31. Rg3 f5 32. exf6 Bd5 33. Qg6  1-0